| 000 | 00407nam a2200145Ia 4500 | ||
|---|---|---|---|
| 008 | 231129s2014||||xx |||||||||||||| ||spa|| | ||
| 020 | _a978-958-8787-45-9 | ||
| 040 | _bspa | ||
| 082 | _a(i) 896.3 ó33L | ||
| 100 | _aOfogo Boniface | ||
| 245 | 0 | _aEl león kandinga | |
| 260 | _c2014 | ||
| 264 | _aBogotá Colombia : Coedición Ediciones Monserrate | ||
| 942 |
_2ddc _cBKS |
||
| 999 |
_c11482 _d11482 |
||